| 000 | 00507nam a2200181Ia 4500 | ||
|---|---|---|---|
| 005 | 20250508151104.0 | ||
| 008 | 008 250505s9999 xx 000 0 eng d | ||
| 037 | _aTextual | ||
| 040 |
_aFEDL _beng _cFEDL |
||
| 041 |
_aeng _2eng |
||
| 084 |
_a701, HOW _qFEDL |
||
| 100 |
_aHowell Arthur R _981720 |
||
| 245 | 0 | _aMeaning and purpose of art : The making of life | |
| 260 |
_aLondon, UK _bA Zwemmer Charing _c1945 |
||
| 300 | _a239p. | ||
| 942 |
_cTEXL _h701, HOW |
||
| 999 |
_c1327524 _d1327524 |
||